[Event "Muensterland Verbandsklasse-A 1011"]
[Site "Germany"]
[Date "2011.01.08"]
[Round "5.2"]
[White "Hoeing, Johannes"]
[Black "Bienhuels, Michael"]
[Result "1/2-1/2"]
[WhiteElo "1958"]
[BlackElo "1810"]
[PlyCount "33"]
[EventDate "2010.09.18"]
[EventType "team-tourn"]
[EventRounds "9"]
[EventCountry "GER"]
[SourceTitle "EXT 2012"]
[Source "ChessBase"]
[SourceDate "2011.11.24"]
[SourceVersion "1"]
[SourceVersionDate "2011.11.24"]
[SourceQuality "1"]
[WhiteTeam "Suedlohn II"]
[BlackTeam "Duelmen"]
[WhiteTeamCountry "GER"]
[BlackTeamCountry "GER"]

1. Nf3 c5 2. c4 Nf6 3. Nc3 g6 4. b3 Bg7 5. Bb2 0-0 6. g3 Nc6 7. Bg2 d6 8. 0-0 e5 9. d3 Rb8 10. e3 a6 11. Qe2 Re8 12. Rfd1 h6 13. h3 Be6 14. e4 Qd7 15. Kh2 g5 16. Nd5 Bxd5 17. cxd5 1/2-1/2

[Event "Muensterland Verbandsklasse-A 0910"]
[Site "Germany"]
[Date "2009.12.19"]
[Round "4.3"]
[White "Bienhuels, Michael"]
[Black "Reinhold, Klaus"]
[Result "1-0"]
[WhiteElo "1785"]
[BlackElo "1932"]
[PlyCount "95"]
[EventDate "2009.09.19"]
[EventType "team-tourn"]
[EventRounds "9"]
[EventCountry "GER"]
[SourceTitle "EXT 2011"]
[Source "ChessBase"]
[SourceDate "2010.11.26"]
[SourceVersion "1"]
[SourceVersionDate "2010.11.26"]
[SourceQuality "1"]
[WhiteTeam "Duelmen"]
[BlackTeam "Gronau"]
[WhiteTeamCountry "GER"]
[BlackTeamCountry "GER"]

1. c4 c6 2. g3 d5 3. Bg2 Nf6 4. Nf3 Bf5 5. cxd5 cxd5 6. Qb3 Qc7 7. Nc3 e6 8. d3 Nc6 9. Bf4 Qb6 10. Qxb6 axb6 11. 0-0 Be7 12. Nb5 0-0 13. a3 Bg4 14. Bc7 Bd8 15. Bd6 Be7 16. Bxe7 Nxe7 17. Rac1 Bxf3 18. Bxf3 Rfc8 19. Nd6 Rc6 20. Nxb7 Rac8 21. Rxc6 Rxc6 22. a4 Ne8 23. a5 bxa5 24. Nxa5 Rb6 25. Rb1 Nd6 26. e4 dxe4 27. Bxe4 Nxe4 28. dxe4 e5 29. b4 Rb5 30. Kf1 f6 31. Ke2 Kf7 32. Kd3 Ke6 33. Kc4 Rb8 34. b5 Kd6 35. b6 Nc6 36. Kb5 Nd4+ 37. Kc4 Nc6 38. Rd1+ Nd4 39. b7 Kc7 40. f4 Kb6 41. fxe5 fxe5 42. Ra1 Nc2 43. Ra2 Ne3+ 44. Kb4 Rd8 45. Rd2 Rf8 46. Re2 Ng4 47. Rc2 Ka7 48. Rc8 1-0

[Event "Muensterland Verbandsklasse-B 0708"]
[Site "Germany"]
[Date "2008.05.17"]
[Round "9.4"]
[White "Bienhuels, Michael"]
[Black "Schroer, Klaus"]
[Result "0-1"]
[WhiteElo "1759"]
[BlackElo "1764"]
[PlyCount "124"]
[EventDate "2007.09.15"]
[EventType "team"]
[EventRounds "9"]
[EventCountry "GER"]
[SourceTitle "EXT 2009"]
[Source "ChessBase"]
[SourceDate "2008.11.26"]
[SourceVersion "1"]
[SourceVersionDate "2008.11.26"]
[SourceQuality "1"]
[WhiteTeam "Duelmen"]
[BlackTeam "Borken"]
[WhiteTeamCountry "GER"]
[BlackTeamCountry "GER"]

1. c4 e6 2. g3 d5 3. Bg2 Nf6 4. Nf3 c6 5. 0-0 Bd6 6. d3 0-0 7. Nc3 e5 8. Bg5 d4 9. Ne4 Be7 10. Bxf6 Bxf6 11. b4 Bf5 12. Nfd2 Be7 13. c5 Nd7 14. Nc4 b6 15. Ned6 Bxd6 16. Nxd6 Be6 17. Bxc6 Rb8 18. Qc2 Qc7 19. Bxd7 Qxd7 20. Rfc1 f5 21. Nc4 e4 22. dxe4 fxe4 23. Qxe4 Qf7 24. Qxd4 bxc5 25. Qf4 Qxf4 26. gxf4 Rxf4 27. Ne5 cxb4 28. Nc6 Rb7 29. Nd8 Rb6 30. Nxe6 Rxe6 31. e3 Rfe4 32. Rc7 Re7 33. Rac1 Kf7 34. Kf1 a5 35. Rxe7+ Rxe7 36. Rc5 Ra7 37. Rb5 Ke6 38. Ke2 h6 39. h4 g6 40. f4 Ra6 41. e4 Kf6 42. Ke3 h5 43. Kd3 Rc6 44. Rxa5 Rc3+ 45. Kd4 Rh3 46. Ra6+ Kf7 47. Ke5 Rxh4 48. Ra7+ Kg8 49. Rb7 Rh2 50. Kf6 h4 51. Rg7+ Kf8 52. Rxg6 Rxa2 53. e5 b3 54. e6 Ra6 55. f5 b2 56. Rg1 Rb6 57. Rd1 Rb8 58. Rd7 b1Q 59. Rf7+ Kg8 60. Rg7+ Kh8 61. Kf7 Rb7+ 62. e7 Qxf5+ 0-1

[Event "Muensterland Verbandsklasse-B 0708"]
[Site "Germany"]
[Date "2008.01.26"]
[Round "5.4"]
[White "Bienhuels, Michael"]
[Black "Wessel, Johannes"]
[Result "1/2-1/2"]
[WhiteElo "1759"]
[BlackElo "1892"]
[PlyCount "73"]
[EventDate "2007.09.15"]
[EventType "team"]
[EventRounds "9"]
[EventCountry "GER"]
[SourceTitle "EXT 2009"]
[Source "ChessBase"]
[SourceDate "2008.11.26"]
[SourceVersion "1"]
[SourceVersionDate "2008.11.26"]
[SourceQuality "1"]
[WhiteTeam "Duelmen"]
[BlackTeam "Steinfurt"]
[WhiteTeamCountry "GER"]
[BlackTeamCountry "GER"]

1. c4 f5 2. Nc3 Nf6 3. g3 e6 4. Bg2 Be7 5. d3 d5 6. cxd5 exd5 7. Qb3 c6 8. e4 fxe4 9. dxe4 d4 10. Nce2 Na6 11. Nf3 d3 12. Ng5 Bb4+ 13. Nc3 Qe7 14. 0-0 h6 15. e5 Ng4 16. Nge4 Be6 17. Nd6+ Bxd6 18. exd6 Qd7 19. Re1 Nc5 20. Qc4 0-0 21. Qxc5 Rxf2 22. Ne4 Rxg2+ 23. Kxg2 Bd5 24. Kg1 Qf5 25. Nc3 Nxh2 26. Nxd5 Nf3+ 27. Kf2 Nxe1+ 28. Bf4 cxd5 29. Rxe1 d2 30. Rd1 g5 31. Rxd2 gxf4 32. Rxd5 fxg3+ 33. Kxg3 Qg6+ 34. Kh2 Re8 35. Qc4 Qf7 36. Qg4+ Kh7 37. Qf5+ 1/2-1/2

[Event "Muensterland Verbandsklasse-B 0506"]
[Site "Germany"]
[Date "2006.02.25"]
[Round "7.7"]
[White "Langer, Ralf"]
[Black "Bienhuels, Michael"]
[Result "1/2-1/2"]
[WhiteElo "1693"]
[BlackElo "2050"]
[PlyCount "30"]
[EventDate "2005.09.03"]
[EventType "team"]
[EventRounds "9"]
[EventCountry "GER"]
[SourceTitle "EXT 2006"]
[Source "ChessBase"]
[SourceDate "2005.11.24"]
[SourceVersion "1"]
[SourceVersionDate "2005.11.24"]
[SourceQuality "1"]
[WhiteTeam "Westerkappeln"]
[BlackTeam "Duelmen"]
[WhiteTeamCountry "GER"]
[BlackTeamCountry "GER"]

1. d4 Nf6 2. c4 c5 3. Nf3 e6 4. Nc3 d5 5. Bg5 cxd4 6. Nxd4 Be7 7. e3 0-0 8. cxd5 Nxd5 9. Bxe7 Qxe7 10. Nxd5 exd5 11. Be2 Qb4+ 12. Qd2 Qxd2+ 13. Kxd2 Nc6 14. Nxc6 bxc6 15. Rac1 Bd7 1/2-1/2

[Event "Muensterland Verbandsklasse-B 0506"]
[Site "Germany"]
[Date "2005.12.10"]
[Round "4.6"]
[White "Musholt, Joachim"]
[Black "Bienhuels, Michael"]
[Result "1/2-1/2"]
[WhiteElo "1942"]
[BlackElo "2050"]
[PlyCount "72"]
[EventDate "2005.09.03"]
[EventType "team"]
[EventRounds "9"]
[EventCountry "GER"]
[SourceTitle "EXT 2006"]
[Source "ChessBase"]
[SourceDate "2005.11.24"]
[SourceVersion "1"]
[SourceVersionDate "2005.11.24"]
[SourceQuality "1"]
[WhiteTeam "Suedlohn II"]
[BlackTeam "Duelmen"]
[WhiteTeamCountry "GER"]
[BlackTeamCountry "GER"]

1. c4 Nf6 2. Nc3 g6 3. Nf3 Bg7 4. g3 d6 5. Bg2 e5 6. 0-0 0-0 7. Rb1 Bf5 8. d3 Nc6 9. b4 Qd7 10. b5 Nd8 11. Bg5 c6 12. Qd2 Bh3 13. Bxf6 Bxf6 14. Ne4 Bg7 15. Bxh3 Qxh3 16. Nxd6 f5 17. bxc6 bxc6 18. c5 h6 19. Kh1 g5 20. Ng1 Qh5 21. f4 exf4 22. gxf4 g4 23. Qe3 Qg6 24. Qf2 Ne6 25. Rb4 h5 26. e4 fxe4 27. f5 Qh6 28. dxe4 a5 29. Rc4 Rab8 30. Qc2 Rb2 31. Qc1 Be5 32. Rc2 Rxc2 33. Qxc2 Bd4 34. Qc4 Kh7 35. Rb1 Bxg1 36. Rxg1 Qe3 1/2-1/2

[Event "Moehnesee Cup-A"]
[Site "Moehnesee"]
[Date "2005.08.18"]
[Round "1"]
[White "Torres Kuckel, Rafael"]
[Black "Bienhuels, Michael"]
[Result "1-0"]
[WhiteElo "2279"]
[BlackElo "2050"]
[PlyCount "97"]
[EventDate "2005.08.18"]
[EventType "swiss"]
[EventRounds "7"]
[EventCountry "GER"]
[SourceTitle "CBM 108 Extra"]
[Source "ChessBase"]
[SourceDate "2005.11.04"]
[SourceVersion "1"]
[SourceVersionDate "2005.11.04"]
[SourceQuality "1"]

1. e4 c5 2. Nf3 Nc6 3. Bb5 g6 4. 0-0 Bg7 5. Qe2 e5 6. c3 Nge7 7. d4 cxd4 8. cxd4 Nxd4 9. Nxd4 exd4 10. Bg5 0-0 11. Nd2 h6 12. Bh4 g5 13. Bg3 d5 14. Rac1 dxe4 15. Nxe4 Bd7 16. Bc4 Bc6 17. Nd6 Qd7 18. Qd3 a6 19. Rfe1 Bd5 20. Rxe7 Bxc4 21. Qe4 Bd5 22. Rxd7 Bxe4 23. Nxe4 f5 24. Rxg7+ Kxg7 25. Be5+ Kg6 26. Nd6 a5 27. Nxb7 Rfc8 28. Rd1 d3 29. Bc3 Ra7 30. Nd6 Rc6 31. Nb5 Rd7 32. Nd4 Rc4 33. Rxd3 a4 34. a3 f4 35. f3 h5 36. h3 Rc8 37. Rd2 Rcd8 38. Kf2 Re8 39. Re2 Rxe2+ 40. Kxe2 g4 41. fxg4 hxg4 42. hxg4 Kg5 43. Kf3 Rd6 44. g3 fxg3 45. Kxg3 Kg6 46. Nf5 Rd1 47. Nh4+ Kg5 48. Nf3+ Kg6 49. Kf4 1-0

[Event "Bad Woerishofen op 19th"]
[Site "Bad Woerishofen"]
[Date "2003.03.17"]
[Round "5"]
[White "Bienhuels, Michael"]
[Black "Schlierf, Andre"]
[Result "1/2-1/2"]
[WhiteElo "1912"]
[BlackElo "2107"]
[PlyCount "49"]
[EventDate "2003.03.13"]
[EventType "swiss"]
[EventRounds "9"]
[EventCountry "GER"]
[SourceTitle "CBM 093 Extra"]
[Source "ChessBase"]
[SourceDate "2003.05.09"]
[SourceVersion "1"]
[SourceVersionDate "2003.05.09"]
[SourceQuality "1"]

1. Nf3 f5 2. e4 fxe4 3. Ng5 Nf6 4. d3 e3 5. Bxe3 e5 6. d4 Nc6 7. d5 Ne7 8. Bc4 d6 9. Nc3 h6 10. Nge4 Nf5 11. Nxf6+ Qxf6 12. Bb5+ Bd7 13. Bxd7+ Kxd7 14. Qd3 a6 15. Ne4 Qf7 16. Bd2 Rd8 17. b4 Nd4 18. c3 Nf5 19. b5 Be7 20. bxa6 bxa6 21. Qc4 Rb8 22. Qc6+ Kd8 23. 0-0 Bh4 24. Rab1 Rc8 25. c4 1/2-1/2

[Event "Muensterland Verbandsklasse-B 0203"]
[Site "Muensterland"]
[Date "2003.01.18"]
[Round "5.7"]
[White "Bienhuels, Michael"]
[Black "Kadenbach, Wolfgang"]
[Result "1-0"]
[WhiteElo "1931"]
[BlackElo "1755"]
[PlyCount "61"]
[EventDate "2002.09.28"]
[EventType "team"]
[EventRounds "9"]
[EventCountry "GER"]
[SourceTitle "EXT 2004"]
[Source "ChessBase"]
[SourceDate "2003.11.25"]
[SourceVersion "1"]
[SourceVersionDate "2003.11.25"]
[SourceQuality "1"]
[WhiteTeam "Duelmen"]
[BlackTeam "Raesfeld Erle"]
[WhiteTeamCountry "GER"]
[BlackTeamCountry "GER"]

1. Nf3 d5 2. g3 Bf5 3. Bg2 Nf6 4. 0-0 e6 5. d3 c6 6. Nbd2 Nbd7 7. Re1 Be7 8. e4 Bg4 9. e5 Ng8 10. d4 h5 11. h3 Bf5 12. Nf1 Nh6 13. h4 Qb6 14. Bg5 Qxb2 15. Bxe7 Kxe7 16. Ne3 Qc3 17. Rb1 b5 18. Nxf5+ Nxf5 19. Rb3 Qa5 20. Bh3 g6 21. a3 Raf8 22. Qc1 Ke8 23. a4 Nb6 24. axb5 cxb5 25. Qb2 a6 26. Bf1 Nc4 27. Bxc4 dxc4 28. Ra3 Qb6 29. Rea1 Qb7 30. Rxa6 Qxf3 31. Qxb5+ 1-0

[Event "Nord West Cup 05th"]
[Site "Bad Zwischenahn"]
[Date "2003.??.??"]
[Round "6"]
[White "Bienhuels, Michael"]
[Black "Behl, Torsten"]
[Result "0-1"]
[WhiteElo "1919"]
[BlackElo "2094"]
[PlyCount "68"]
[EventDate "2003.02.??"]
[EventType "swiss"]
[EventRounds "7"]
[EventCountry "GER"]
[SourceTitle "EXT 2004"]
[Source "ChessBase"]
[SourceDate "2003.11.25"]
[SourceVersion "1"]
[SourceVersionDate "2003.11.25"]
[SourceQuality "1"]

1. Nf3 Nf6 2. g3 g6 3. Bg2 Bg7 4. 0-0 d5 5. d3 0-0 6. Nbd2 c6 7. e4 dxe4 8. dxe4 Bg4 9. h3 Bxf3 10. Qxf3 Nbd7 11. Qe2 e5 12. b3 Re8 13. Bb2 Qc7 14. c4 Rad8 15. Rfd1 Nc5 16. Nf1 Ne6 17. Rac1 Bh6 18. Rxd8 Rxd8 19. Rd1 Rxd1 20. Qxd1 Nc5 21. f4 Nfd7 22. f5 Nf6 23. b4 Ncxe4 24. fxg6 hxg6 25. Qe1 Qb6+ 26. Kh2 Qf2 27. Qxf2 Nxf2 28. c5 Nd3 29. Bc3 Kf8 30. Nd2 Nd5 31. Bxd5 cxd5 32. Nf3 d4 33. Bd2 Bxd2 34. Nxd2 Nxb4 0-1